| LEADER | 00572nam a2200169 4500 | ||
|---|---|---|---|
| 999 | |c 14062 |d 14062 | ||
| 082 | |a 636.40071 |b D307TH | ||
| 100 | |a Diệp Thị Lệ Chi | ||
| 245 | |a Chăn nuôi Lợn |b Bài giảng |c Diệp Thị Lệ Chi | ||
| 260 | |a Quảng Bình. |b Trường Đại học Quảng Bình |c 2007 | ||
| 300 | |a 81tr. |c 30cm | ||
| 520 | |a . | ||
| 653 | |a Chăn nuôi | ||
| 653 | |a Lợn | ||
| 653 | |a Bài giảng | ||
| 942 | |2 ddc |c TC | ||
| 952 | |0 0 |1 0 |2 ddc |4 0 |6 636_400710000000000_D307TH |7 0 |9 110988 |a qbu |b qbu |c D1 |d 2017-06-21 |o 636.40071 D307TH |p BG212.C1 |r 2017-06-21 |w 2017-06-21 |y TC | ||